Nezamestnanosť v Japonsku sa blíži k historickému maximu

Sprievodným problémom japonskej polorecesie je pomerne vysoká nezamestnanosť. Aktuálne hodnoty miery nezamestnanosti v Japonsku. Sociálne dôsledky nezamestnanosti v Japonsku.

Na minha lista:
Detalhes bibliográficos
Autor principal: Mareček, Ján
Formato: Capítulo de Livro
Idioma:eslovaco
Assuntos:
Tags: Adicionar Tag
Sem tags, seja o primeiro a adicionar uma tag!

MARC

LEADER 00000naa a2200000 4500
001 r040574
005 20230720102835.3
041 0 |a slo 
044 |a SK 
245 1 0 |a Nezamestnanosť v Japonsku sa blíži k historickému maximu  |c Ján Mareček 
520 |a Sprievodným problémom japonskej polorecesie je pomerne vysoká nezamestnanosť. Aktuálne hodnoty miery nezamestnanosti v Japonsku. Sociálne dôsledky nezamestnanosti v Japonsku. 
610 2 0 |a trh práce 
610 2 0 |a nezamestnanosť 
610 2 0 |a Japonsko 
610 2 0 |a recesia 
610 2 0 |a miera nezamestnanosti 
100 1 |a Mareček, Ján